000 00429nam a2200157 a 4500
001 000029351
005 20200930055508.0
008 110415s1989 dr b 000 | spa d
040 _aDO-SdBNP
_bspa
_cBNPHU
082 _axxx
_bA837c
110 2 _aAsociación Dominicana de Ex-Leo
_956222
245 1 0 _aConoce nuestra historia.
260 _aSanto Domingo :
_bTaller,
_c1989.
300 _a50 p. :
_bmapa ;
_c21 cm.
049 _aBNPD
999 _c28843
_d28843